|
|
|
|
| LEADER |
00676nab a2200181 i 4500 |
| 001 |
acta12957 |
| 005 |
20210610145749.0 |
| 008 |
161015s2007 hu o 0|| hun d |
| 022 |
|
|
|a 1788-5345
|
| 040 |
|
|
|a SZTE Egyetemi Kiadványok Repozitórium
|b hun
|
| 041 |
|
|
|a hun
|
| 100 |
1 |
|
|a Zsótér Brigitta
|
| 245 |
1 |
2 |
|a A Hotel Nonius szolgáltatásait igénybe vevők földrajzi megoszlása
|h [elektronikus dokumentum] /
|c Zsótér Brigitta
|
| 260 |
|
|
|c 2007
|
| 300 |
|
|
|a 201-206
|
| 490 |
0 |
|
|a Agrár- és vidékfejlesztési szemle
|v 2 No. 2
|
| 695 |
|
|
|a Mezőhegyes, Közgazdaságtudomány
|
| 856 |
4 |
0 |
|u http://acta.bibl.u-szeged.hu/12957/1/agrarszemle_2007_002_201-206.pdf
|z Dokumentum-elérés
|